000 00751nam a22002297a 4500
003 0
005 20250822162228.0
008 250822b xxu||||| |||| 00| 0 eng d
020 _a978-1-5296-6902-2
050 _aBF 723.C57
_b.G45 2024
100 _aGeldard, Kathryn,
_eauthor.
245 _aCounselling children :
_ba practical introduction /
_cKathryn Geldard & Rebecca Yin Foo.
250 _a6th ed.
260 _aLondon :
_bSage,
_c2024.
300 _avi, 412 pages :
_billustrations ;
_c24 cm.
504 _aIncludes bibliographical references and index.
650 _aCounseling of children.
650 _aChild psychology
_xCounseling.
650 _aPsychotherapy for children.
700 _aYin Foo, Rebecca,
_eauthor.
942 _2lcc
_cBK
999 _c367595
_d367595